INFORMATION RETRIEVAL / (Record no. 588367)
[ view plain ]
| 000 -LEADER | |
|---|---|
| fixed length control field | 00316nam a22001337a 4500 |
| 020 ## - INTERNATIONAL STANDARD BOOK NUMBER | |
| Qualifying information | PB. |
| 040 ## - CATALOGING SOURCE | |
| Transcribing agency | FIZZA ISHAQ |
| 082 ## - DEWEY DECIMAL CLASSIFICATION NUMBER | |
| Classification number | 025.524 |
| Author Mark | BUT |
| 100 ## - MAIN ENTRY--PERSONAL NAME | |
| Personal name | BUTTCHER, STEFAN. |
| 9 (RLIN) | 89865 |
| 245 ## - TITLE STATEMENT | |
| Title | INFORMATION RETRIEVAL / |
| Statement of responsibility, etc. | STEFAN BUTTCHER. |
| 260 ## - PUBLICATION, DISTRIBUTION, ETC. | |
| Name of publisher, distributor, etc. | MIT PRESS, |
| Date of publication, distribution, etc. | 2016. |
| 300 ## - PHYSICAL DESCRIPTION | |
| Extent | 606 P. ; |
| 942 ## - ADDED ENTRY ELEMENTS (KOHA) | |
| Source of classification or shelving scheme | |
| Koha item type | Book |
| Withdrawn status | Lost status | Source of classification or shelving scheme | Damaged status | Not for loan | Permanent Location | Current Location | Date acquired | Total Checkouts | Full call number | Barcode | Date last seen | Price effective from | Koha item type |
|---|---|---|---|---|---|---|---|---|---|---|---|---|---|
| NUST Baluchistan Campus (NBC) | NUST Baluchistan Campus (NBC) | 02/28/2022 | 025.524 BUT | Q-2722 | 02/28/2022 | 02/28/2022 | Book |
